| 000 | 00636nam a2200217 i 4500 | ||
|---|---|---|---|
| 001 | 92998 | ||
| 003 | ES-MaACL | ||
| 005 | 20230906181114.0 | ||
| 007 | t| | ||
| 008 | 050406s1904 it ||||1| ita d | ||
| 100 | 1 |
_aLockyer, Norman. _973062 |
|
| 245 | 1 | 0 |
_aAstronomia / _cdi Norman Lockyer; nuova versione libera con note ed aggiunte di Giovanni Celoria. |
| 250 | _a5ยช ed. | ||
| 260 |
_aMilano : _b[s.n.], _c1904 ( _fBelluzaqui) |
||
| 300 |
_aXVI, 255 p. ; _c15 cm. |
||
| 490 | 1 | _aManuali Hoepli | |
| 700 | 1 |
_aCeloria, Giovanni. _937379 |
|
| 830 | 0 |
_aManuali Hoepli _9180782 |
|
| 852 |
_aES-MaACL _jD-3584 |
||
| 999 |
_c92998 _d92998 |
||